Fundamentals of management: Essential conceots and applications (Record no. 396942)

MARC details
000 -LEADER
fixed length control field 00576 a2200217 4500
005 - DATE & TIME
control field 20260406151529.0
008 - FIXED-LENGTH DATA ELEMENTS--GENERAL INFORMATION
fixed length control field 260406b |||||||| |||| 00| 0 eng d
020 ## - ISBN
International Standard Book Number 9789332574120
Price Rs. 960.00
040 ## - CATALOGING SOURCE
Original cataloging agency VIVEKANANDA LIBRARY
082 ## - DDC NUMBER
Classification number 658
Book Number R538F(9)
100 ## - MAIN ENTRY--PERSONAL NAME
Personal name Robbins, Stephen P
245 ## - TITLE STATEMENT
Title Fundamentals of management: Essential conceots and applications
250 ## - EDITION STATEMENT
Edition statement 9th
260 ## - PUBLICATION, DISTRIBUTION, ETC. (IMPRINT)
Name of publisher, distributor, etc Pearson India
Place of publication, distribution, etc Noida
Date of publication, distribution, etc 2026
300 ## - PHYSICAL DESCRIPTION
Pages 504
650 ## - Subject
Subject Management
650 ## - Subject
Subject Auxiliary Services
700 ## - Added Entry Personal Name
Added Entry Personal Name Decenzo, David A
700 ## - Added Entry Personal Name
Added Entry Personal Name Coulter, Mary
942 ## - ADDED ENTRY ELEMENTS (KOHA)
Koha item type Books
Holdings
Withdrawn status Lost status Source of classification or shelving scheme Damaged status Not for loan Location (home branch) Sublocation or collection (holding branch) Shelving location Date acquired Koha issues (times borrowed) Koha full call number Accession No. Koha date last seen Koha item type
    Dewey Decimal Classification     VIVEKANANDA LIBRARY VIVEKANANDA LIBRARY IMSAR Library 30/03/2026   658 R538F(9) 421081 30/03/2026 Books
    Dewey Decimal Classification     VIVEKANANDA LIBRARY VIVEKANANDA LIBRARY IMSAR Library 30/03/2026   658 R538F(9) 421082 30/03/2026 Books
    Dewey Decimal Classification     VIVEKANANDA LIBRARY VIVEKANANDA LIBRARY IMSAR Library 30/03/2026   658 R538F(9) 421079 30/03/2026 Books
    Dewey Decimal Classification     VIVEKANANDA LIBRARY VIVEKANANDA LIBRARY IMSAR Library 30/03/2026   658 R538F(9) 421078 30/03/2026 Books
    Dewey Decimal Classification     VIVEKANANDA LIBRARY VIVEKANANDA LIBRARY IMSAR Library 30/03/2026   658 R538F(9) 421080 30/03/2026 Books
© Designed and Maintained by Vivekananda Library, MDU Rohtak